000
00322nam a22001457a 4500
008
210426b ||||| |||| 00| 0 eng d
020
_a
13496828X
041
_a
eng
080
_a
316
082
_a
316
100
_a
50
101
_a
SOC
245
_a
An Introduction to Social Research
_c
Blalock,H.M
942
_2
udc
_c
BK
999
_c
56782
_d
56782